000 00548pab a2200193 454500
008 180718b2009 xxu||||| |||| 00| 0 eng d
100 _aMyers, Dowell
245 _aDemographic forces and turning points in the American city, 1950-2040
260 _c2009
300 _ap.91-111.
362 _aNov
650 _aHousing - United States
650 _aDemography - United States
650 _aDemography
700 _aPitkin, John
773 _aAnnals of the American Academy of Political and Social Science
908 _aN
909 _a84667
999 _c84667
_d84667